'Late' Vocabulary Quiz Stats

Quiz Updated Mar 13, 2016

Also try: 'Pan-' Vocabulary
Challenge
Share
Tweet
Embed
Score 0/20 Timer 07:00
7 Plays Today
% Correct
Desolate
88.3%
Annihilate
87%
Assimilate
84.7%
Emulate
80.7%
Apostolate
80.4%
Tabulate
80.2%
Dilate
79.1%
Inoculate
77.7%
Oscillate
76.5%
Adulate
76%
% Correct
Speculate
75.4%
Mutilate
73.9%
Capitulate
71.9%
Postulate
69.4%
Vacillate
61.2%
Tessellate
60%
Scintillate
55.3%
Geniculate
51.5%
Maculate
42.2%
Penicillate
29.5%

You're not logged in!

Compare scores with friends on all Sporcle quizzes.
Join for Free
OR
Log In

You Might Also Like...

Show Comments

Extras

Top Quizzes Today


Score Distribution

Your Account Isn't Verified!

In order to create a playlist on Sporcle, you need to verify the email address you used during registration. Go to your Sporcle Settings to finish the process.

Report this User

Report this user for behavior that violates our Community Guidelines.

Details: